000 00362nam a2200109Ia 4500
008 200302s9999 xx 000 0 und d
100 _aSanyogita Manu
245 _aExploring the Realm of Energy & Comfort in Interiors Experiments to Understand Thermal Efects
260 _bSid Research Cell School Interior design Publishing
260 _c2006
300 _a174 P.,
999 _c3176
_d3176